书目信息 |
| 题名: |
南史
|
|
| 作者: | 李延寿 撰 | |
| 分册: | 第二册 传 | |
| 出版信息: | 北京 中华书局 1975.6 |
|
| 页数: | 315-648页 | |
| 开本: | 20cm | |
| 丛书名: | ||
| 单 册: | ||
| 中图分类: | K239.1 | |
| 科图分类: | ||
| 主题词: | 中国--古代史--南朝时代 | |
| 电子资源: | ||
| ISBN: | ||
| 000 | 00592nam0 2200217 45 | |
| 001 | 0310130962 | |
| 005 | 20050419170202.1 | |
| 010 | @dCNY6.30 | |
| 091 | @a11018.644 | |
| 100 | @a20031013d1975 km y0chiy0120 ea | |
| 101 | 0 | @achi |
| 105 | @a z 000yy | |
| 200 | 1 | @a南史@ANan Shi@h第二册@h卷一一至卷二三@i传@f(唐)李延寿撰@F(Tang)Li Yan Shou Zhuan |
| 210 | @a北京@c中华书局@d1975.6 | |
| 215 | @a315-648页@d20cm | |
| 517 | @a传@AChuan | |
| 606 | 0 | @a中国@x古代史@x南朝时代 |
| 690 | @aK239.1@v3 | |
| 701 | 0 | @a李延寿@4撰 |
| 801 | @aCN@bTSTC@c20031013 | |
| 905 | @dK239.1@e15:2@b159595@f1 | |
| 南史.第二册.卷一一至卷二三.传/(唐)李延寿撰.-北京:中华书局,1975.6 |
| 315-648页;20cm |
| ISBN :CNY6.30 |
| ● |
| 相关链接 |
|
|
|
|
正题名:南史
索取号:K239.1/15:2
 
预约/预借
| 序号 | 登录号 | 条形码 | 馆藏地/架位号 | 状态 | 备注 |
| 1 | 0089662 | 001282203 | 第二借阅区/ [索取号:K239.1/15:2] | 在馆 | |
| 2 | 0089663 | 001282258 | 第二样本阅览室/ [索取号:K239.1/15:2] | 在馆 | |
| 3 | 0103215 | 001714666 | 密集书库/ [索取号:K239.1/15:2] | 在馆 | |
| 4 | 0103216 | 000638769 | 第二借阅区/ [索取号:K239.1/15:2] | 在馆 | |
| 5 | 0159595 | 001282249 | 第二借阅区/ [索取号:K239.1/15:2] | 在馆 | |
| 6 | 0179800 | 001282230 | 第二借阅区/ [索取号:K239.1/15:2] | 在馆 |